[Event "CUB-ch U18"]
[Site "Camaguey"]
[Date "2017.06.23"]
[Round "5.6"]
[White "Pozo Castro, Victor Javier"]
[Black "Medina Diaz, Rafael Alejandro"]
[Result "1/2-1/2"]
[WhiteElo "2269"]
[BlackElo "2279"]
[PlyCount "76"]
[EventDate "2017.06.21"]
[EventType "swiss"]
[EventRounds "9"]
[EventCountry "CUB"]
[SourceTitle "EXT 2023"]
[Source "ChessBase"]
[SourceDate "2022.10.05"]
[SourceVersion "1"]
[SourceVersionDate "2022.10.05"]
[SourceQuality "1"]

1. Nf3 d5 2. d4 Nf6 3. c4 c6 4. Nc3 dxc4 5. a4 Bf5 6. e3 e6 7. Bxc4 Bb4 8. 0-0 Nbd7 9. Qe2 Bg6 10. Rd1 0-0 11. Bd2 Re8 12. Be1 Qe7 13. Ne5 Nxe5 14. dxe5 Nd7 15. f4 Nc5 16. Rd4 Rad8 17. h4 Bxc3 18. bxc3 Be4 19. h5 a5 20. h6 g6 21. Qg4 Bf5 22. Qf3 Bc2 23. Qh3 Rxd4 24. exd4 Nxa4 25. Ra2 Nb6 26. Be2 Bb3 27. Rxa5 Bc4 28. Bxc4 Nxc4 29. Ra7 Nb6 30. Bh4 Qc7 31. Ra2 c5 32. Bf2 cxd4 33. Bxd4 Nd5 34. Qh4 b6 35. Kh2 Rc8 36. Rb2 Rb8 37. Rb5 Qd8 38. Qxd8+ Rxd8 1/2-1/2